Statystyki dla Prowincje Chin - po polsku

Kliknij tutaj aby rozwiązać quiz!

Ogólne statystyki

  • Ten quiz został rozwiązany 84 razy
  • Średni wynik to 7 z 33

Statystyki odpowiedzi

Prowincja Nazwa Jednostka podziału % poprawnych
Tutaj buddyjscy mnisi dokonują samospalenia w walce o niepodległość.TybetRegion autonomiczny
61%
Jedno z najsłynniejszych i najbogatszych miast świata, ma odrębny system prawny i najbardziej wolnorynkową gospodarkę na świecie.HongkongSpecjalny region administracyjny
58%
Jedno wielkie kasyno. Stąd pochodzi popularna gra w karty, w którą grywał Krzysztof Jarzyna ze Szczecina.MakauSpecjalny region administracyjny
50%
Stolica kraju, siedziba władz, tu mieszczą się Zakazane Miasto i plac Tiananmen. Marco Polo opisał to miasto jako "Chanbałyk".PekinMiasto wydzielone
50%
Trzeci port morski na świecie, zwany Paryżem Wschodu. Tutaj działają polski konsulat i izba gospodarcza.SzanghajMiasto wydzielone
40%
Najlepsza kuchnia w Chinach. W 2008 było tu silne trzęsienie ziemi.SìchuānProwincja
40%
Graniczy z Wietnamem, Laosem i Birmą. Biegnie tędy najważniejsza wietnamska rzeka - Mekong.YúnnánProwincja
40%
Wenętrzny region krainy, która obejmuje także inne azjatyckie państwo o tej nazwie.Mongolia WewnętrznaRegion autonomiczny
32%
Odbywa się tam największa impreza handlowa w Chinach.GuǎngdōngProwincja
29%
Tę wyspę jako jeden z pierwszych opisał Polak, Michał Boym.HǎinánProwincja
29%
Górzysta prowincja, pojawiła się w "Kung Fu Panda: Sekrety Mistrzów" jako twierdza sióstr Wu.HúběiProwincja
26%
...która w transkrypcji chińskiej jest taką samą literą z innym "ogonkiem".ShānxīProwincja
24%
Wzmiankowana w "Niezniszczalnych 2", otacza stolicę kraju.HébĕiProwincja
21%
Tutaj mieszkają muzułmańscy Ujgurowie, spokrewnieni z Turkami. Niedawno kilku z nich dźgało pasażerów na dworcu kolejowym.SinciangRegion autonomiczny
21%
Dwie prowincje blisko siebie, różnią się jedną literą...ShǎnxīProwincja
19%
Pierwsza prowincja w kolejności alfabetycznej.ĀnhuīProwincja
18%
Przybrzeżne wysepki tej prowincji są pod kontrolą Tajwanu.FújiànProwincja
16%
Serce starożytnych Chin leżące wzdłuż Żółtej Rzeki.HénánProwincja
15%
Kolebka całej chińskiej cywilizacji - delta Żółtej Rzeki.ShāndōngProwincja
15%
Przy granicy z północną Koreą, kiedyś panowali tu Mongołowie.LiáoníngProwincja
13%
Ojczyzna znakomitej kaczki w piwie.HúnánProwincja
11%
W tutejszym Nankinie Japonia popełniła swoją największą zbrodnię wojenną (1937-38).JiāngsūProwincja
11%
Największy kompleks skoczni narciarskich w kraju.JílínProwincja
11%
Mieszka tu najliczniejsza, ale spokojna mniejszość - Czuangowie. Od 500 lat urządza się tu walki koni z okazji nowego roku.KuangsiRegion autonomiczny
10%
Granica rosyjsko-chińska, w tutejszym mieście Harbin żyło przed wojną wielu Polaków.HēilóngjiāngProwincja
10%
Port naftowy na Morzu Żółtym. Tutejsi mieszkańcy są elokwentni i dowcipni, a w konsekwencji mało kto w Chinach ich rozumie.TiencinMiasto wydzielone
10%
Tutaj Chińczycy prawie 5 tysięcy lat temu nauczyli się wyplatać jedwab.ZhèjiāngProwincja
8%
Tu język chiński ma tyle dialektów, że nikt nikogo nie rozumie.JiāngxīProwincja
6%
Poza prowincją samospalających się mnichów buddyjskich to najbiedniejsze miejsce w kraju.NíngxiàRegion autonomiczny
6%
Mieszka tu duża muzułmańska mniejszość - Hui.GānsùProwincja
6%
Tutejsze jeziora górskie mają powierzchnię połowy województwa opolskiego.QīnghǎiProwincja
6%
Tu mieszka dużo mniejszości (Dongowie, Hmongowie, Miao).GùizhōuProwincja
5%
Niedaleko tego miasta kończy się Zapora Trzech Przełomów.ChóngqìngMiasto wydzielone
3%

Rozkład punktacji

Percentyl według liczby udzielonych odpowiedzi

Procent ludzi z każdym wynikiem

Twoja historia wyników

Nie rozwiązałeś tego quizu